[Event "XVIII Festival Conca della Presolana Magistrale"]
[Site "Bratto - Castione della Presolana ITA"]
[Date "1998.08.??"]
[Round "?"]
[White "Morandi, Maurizio"]
[Black "Boldini, David"]
[Result "1-0"]
[WhiteElo "2115"]
[BlackElo "1959"]
[PlyCount "60"]
[EventDate "1998.08.22"]

1. d4 d5 2. c4 c6 3. Nc3 Nf6 4. e3 g6 5. Nf3 Bg7 6. Bd3 O-O 7. O-O dxc4 8. Bxc4
Ne8 9. Qe2 Nd6 10. Bd3 Qa5 11. h3 Rd8 12. Bd2 Qh5 13. e4 Nb5 14. Bxb5 cxb5 15.
Nd5 Nc6 16. Be3 b4 17. Rac1 e6 18. Nc7 Nxd4 19. Bxd4 Bxd4 20. Nxd4 Qxe2 21.
Nxe2 Rb8 22. Rfd1 Bd7 23. Rd4 Bc6 24. Rxb4 Rd2 25. Ng3 Rbd8 26. Nb5 Rd1+ 27.
Rxd1 Rxd1+ 28. Kh2 Rd2 29. Nxa7 Rxf2 30. Nxc6 bxc6 1-0

[Event "XVIII Festival Conca della Presolana Magistrale"]
[Site "Bratto - Castione della Presolana ITA"]
[Date "1998.08.??"]
[Round "?"]
[White "Morandi, Maurizio"]
[Black "Cetro, Carlo"]
[Result "0-1"]
[WhiteElo "2115"]
[BlackElo "2190"]
[PlyCount "70"]
[EventDate "1998.08.22"]

1. e4 e6 2. d4 d5 3. exd5 exd5 4. Bd3 Nc6 5. c3 Bd6 6. Nf3 Nge7 7. Bg5 f6 8.
Bh4 Be6 9. Qc2 Qd7 10. Nbd2 O-O-O 11. O-O-O g5 12. Bg3 Nf5 13. Rhe1 Nxg3 14.
hxg3 Kb8 15. Nb3 b6 16. Re2 Qf7 17. Rde1 Bd7 18. a3 a5 19. c4 a4 20. Nbd2 g4
21. cxd5 gxf3 22. dxc6 fxe2 23. cxd7 Qxd7 24. Rxe2 Rde8 25. Be4 c5 26. Nc4 cxd4
27. Nxd6 Rc8 28. Nc4 Rxc4 29. Qxc4 Rc8 30. Qxc8+ Qxc8+ 31. Rc2 Qa6 32. Kd2 Qf1
33. Bf3 Qxf2+ 34. Kd3 Qe3+ 35. Kc4 Qb3+ 0-1

[Event "XVIII Festival Conca della Presolana Magistrale"]
[Site "Bratto - Castione della Presolana ITA"]
[Date "1998.08.??"]
[Round "?"]
[White "Morandi, Maurizio"]
[Black "Griffa, Roberto"]
[Result "0-1"]
[WhiteElo "2115"]
[BlackElo "2070"]
[PlyCount "132"]
[EventDate "1998.08.22"]

1. e4 c6 2. d4 d5 3. exd5 cxd5 4. Bd3 Nc6 5. c3 Nf6 6. Bf4 Bg4 7. Qb3 Qd7 8. f3
Bh5 9. Ne2 e6 10. Nd2 Bg6 11. Bxg6 hxg6 12. O-O-O Bd6 13. h3 Bxf4 14. Nxf4 Qc7
15. Ne2 Rb8 16. Kb1 b5 17. Qc2 Na5 18. b3 Nc6 19. Rhe1 a5 20. Qd3 Rb7 21. Rc1
O-O 22. f4 Ra8 23. g4 Qd6 24. Nf3 b4 25. Ne5 Ne7 26. c4 dxc4 27. Qxc4 Ne4 28.
Qd3 f5 29. gxf5 gxf5 30. Nc4 Qb8 31. Nb2 Nd5 32. Rc6 Qe8 33. Rc2 Ndc3+ 34. Nxc3
bxc3 35. Rxc3 Nxc3+ 36. Qxc3 a4 37. Qc4 axb3 38. axb3 Rab8 39. Rxe6 Qf7 40. Re2
Rxb3 41. Qc5 Qb7 42. Qc4+ Kh8 43. Qc1 Rxh3 44. Qg1 Rh1 45. Rh2+ Rxh2 46. Qxh2+
Kg8 47. Qe2 Qe4+ 48. Qxe4 fxe4 49. Kc2 Rf8 50. Kd2 Rxf4 51. Ke3 Rh4 52. Nc4 Kf7
53. Nd6+ Ke6 54. Nxe4 Rh3+ 55. Kf4 Rh4+ 56. Ke3 Kf5 57. Nd6+ Kg4 58. d5 g5 59.
Ke4 Rh1 60. Ke5 Re1+ 61. Kf6 Rd1 62. Ke6 Kf4 63. Nf7 g4 64. d6 g3 65. d7 Rxd7
66. Kxd7 g2 0-1

[Event "XVIII Festival Conca della Presolana Magistrale"]
[Site "Bratto - Castione della Presolana ITA"]
[Date "1998.08.??"]
[Round "?"]
[White "Morandi, Maurizio"]
[Black "Ruggeri, Pietro"]
[Result "1/2-1/2"]
[WhiteElo "2115"]
[BlackElo "2145"]
[PlyCount "62"]
[EventDate "1998.08.22"]

1. d4 g6 2. e4 Bg7 3. f4 d5 4. e5 c5 5. c3 cxd4 6. cxd4 Nc6 7. Nc3 Nh6 8. Be3
Nf5 9. Bf2 h5 10. Nf3 Kf8 11. Qb3 Bh6 12. g3 e6 13. Bd3 Bd7 14. h3 Na5 15. Qc2
Bg7 16. Ke2 Rc8 17. g4 Ne7 18. Bh4 Qe8 19. Raf1 Bb5 20. Rc1 Bxd3+ 21. Qxd3 a6
22. b3 Nec6 23. Qb1 b5 24. Ke3 Qd7 25. Ne2 Ke8 26. Nd2 Qe7 27. a3 Qd7 28. Nf3
Bf8 29. Qa2 hxg4 30. hxg4 Be7 31. Bxe7 Kxe7 1/2-1/2

[Event "XVIII Festival Conca della Presolana Magistrale"]
[Site "Bratto - Castione della Presolana ITA"]
[Date "1998.08.??"]
[Round "?"]
[White "Natalucci, Fabrizio"]
[Black "Barbero, Gerardo F."]
[Result "1/2-1/2"]
[WhiteElo "2215"]
[BlackElo "2415"]
[PlyCount "67"]
[EventDate "1998.08.22"]

1. d4 Nf6 2. Nf3 g6 3. c4 Bg7 4. Nc3 O-O 5. e4 d6 6. h3 Na6 7. Be3 e5 8. d5 Nc5
9. Nd2 a5 10. g4 Ne8 11. Rg1 Kh8 12. Nb3 Qe7 13. Nxc5 dxc5 14. Bd3 b6 15. Qc2
Nd6 16. Nb5 Nxb5 17. cxb5 a4 18. Rg3 a3 19. b3 f5 20. gxf5 gxf5 21. Bg5 Qf7 22.
f3 h6 23. Bd2 Qh5 24. O-O-O f4 25. Rg2 Bxh3 26. Rf2 Bd7 27. b4 cxb4 28. Bxb4
Rg8 29. Bc4 Bf6 30. Qb3 Rg3 31. Bxa3 Qe8 32. d6 cxd6 33. Bxd6 Rc8 34. Kb2
1/2-1/2

[Event "XVIII Festival Conca della Presolana Magistrale"]
[Site "Bratto - Castione della Presolana ITA"]
[Date "1998.08.??"]
[Round "?"]
[White "Natalucci, Fabrizio"]
[Black "Di Lazzaro, Gabriele"]
[Result "1-0"]
[WhiteElo "2215"]
[BlackElo "2005"]
[PlyCount "97"]
[EventDate "1998.08.22"]

1. d4 g6 2. Nf3 Bg7 3. c4 c5 4. d5 d6 5. h3 Nf6 6. Nc3 O-O 7. e4 e6 8. Bd3 exd5
9. exd5 Re8+ 10. Be3 Nbd7 11. O-O a6 12. Qd2 Ne5 13. Nxe5 Rxe5 14. Bf4 Re8 15.
Rfe1 b6 16. Rxe8+ Nxe8 17. Re1 Bd7 18. Ne4 Bf5 19. b3 Bxe4 20. Rxe4 Ra7 21. Qe1
Kf8 22. Rxe8+ Qxe8 23. Bxd6+ Re7 24. b4 Bd4 25. bxc5 Bxc5 26. Bxe7+ Qxe7 27.
Qxe7+ Bxe7 28. g4 Kg7 29. Kg2 h5 30. gxh5 gxh5 31. Kf3 Bc5 32. Kg3 Bd6+ 33. f4
Be7 34. Kf3 Kf6 35. Ke4 h4 36. Kf3 Bb4 37. Kg4 Be1 38. Bh7 a5 39. a4 Bf2 40.
Kh5 Be1 41. Kg4 Bf2 42. Bf5 Bc5 43. Bc8 Bf2 44. d6 Be1 45. f5 Bf2 46. Kh5 Be1
47. d7 Ke7 48. f6+ Kd8 49. Kh6 1-0

[Event "XVIII Festival Conca della Presolana Magistrale"]
[Site "Bratto - Castione della Presolana ITA"]
[Date "1998.08.??"]
[Round "?"]
[White "Natalucci, Fabrizio"]
[Black "Drazic, Sinisa"]
[Result "0-1"]
[WhiteElo "2215"]
[BlackElo "2495"]
[PlyCount "32"]
[EventDate "1998.08.22"]

1. d4 g6 2. Nf3 Bg7 3. c4 d6 4. h3 e5 5. dxe5 dxe5 6. Qxd8+ Kxd8 7. Nc3 Be6 8.
e4 f6 9. Be3 Nd7 10. O-O-O Bh6 11. Bxh6 Nxh6 12. Nd2 c6 13. Nb3 Kc7 14. Nd5+
cxd5 15. cxd5 Bf7 16. Bc4 Rac8 0-1

[Event "XVIII Festival Conca della Presolana Magistrale"]
[Site "Bratto - Castione della Presolana ITA"]
[Date "1998.08.??"]
[Round "?"]
[White "Natalucci, Fabrizio"]
[Black "Sbarra, Marco"]
[Result "0-1"]
[WhiteElo "2215"]
[BlackElo "2270"]
[PlyCount "102"]
[EventDate "1998.08.22"]

1. d4 d6 2. Nf3 Bg4 3. c4 c6 4. Qb3 Qb6 5. Nc3 Nd7 6. e4 Bxf3 7. gxf3 g6 8. Bh3
Bg7 9. Be3 Ngf6 10. f4 e6 11. O-O-O Qxb3 12. axb3 d5 13. f5 exf5 14. exf5 Nb6
15. c5 Nbd7 16. b4 a6 17. Rhe1 O-O 18. Bf4 Rfe8 19. Be5 Nxe5 20. dxe5 Nh5 21.
e6 g5 22. Bg4 Nf6 23. exf7+ Kxf7 24. Bf3 g4 25. Bg2 Bh6+ 26. Kc2 Bf4 27. h3
gxh3 28. Bxh3 Be5 29. Na4 a5 30. Nb6 Rad8 31. bxa5 Ne4 32. b4 Nxf2 33. Bg2 Nxd1
34. Rxd1 Kf6 35. Bf1 Bc7 36. Bd3 Rg8 37. Rh1 Rg2+ 38. Kb3 Rh2 39. Rxh2 Bxh2 40.
b5 cxb5 41. Bxb5 Bc7 42. Be2 Kxf5 43. Bd3+ Kf4 44. Bxh7 Ke3 45. Kb4 Bxb6 46.
axb6 Kd4 47. Bb1 Rf8 48. Ba2 Rf1 49. c6 Rd1 50. Ka3 bxc6 51. Ka4 Kc5 0-1

[Event "XVIII Festival Conca della Presolana Magistrale"]
[Site "Bratto - Castione della Presolana ITA"]
[Date "1998.08.??"]
[Round "?"]
[White "Oppici, Gabriele"]
[Black "Caruso, Daniele"]
[Result "0-1"]
[WhiteElo "2085"]
[BlackElo "2135"]
[PlyCount "140"]
[EventDate "1998.08.22"]

1. d4 Nf6 2. Bg5 e6 3. e4 Be7 4. e5 Nd5 5. Bxe7 Qxe7 6. c3 d6 7. Nf3 Nc6 8. c4
Nf4 9. Qd2 Ng6 10. exd6 cxd6 11. Be2 Bd7 12. O-O O-O 13. Nc3 Rad8 14. Rfe1 Rfe8
15. Bf1 Nh4 16. Nxh4 Qxh4 17. Re4 Qf6 18. d5 Nb8 19. Re3 e5 20. Ne4 Qh6 21. Ra3
Qxd2 22. Nxd2 a6 23. b4 Bf5 24. Rc3 Bg6 25. Nb3 Kf8 26. Rd1 Rc8 27. c5 Rc7 28.
Rdc1 Rec8 29. Nd2 f6 30. Nc4 dxc5 31. Nb6 Rd8 32. bxc5 Bf7 33. d6 Rc6 34. a3
Nd7 35. Na4 Rcc8 36. Rb1 Bd5 37. Be2 Bc6 38. Nb2 a5 39. Bg4 Ra8 40. Be6 a4 41.
Bxd7 Rxd7 42. Nc4 Rdd8 43. Rb4 Kf7 44. f3 Ke6 45. Kf2 g5 46. g4 h5 47. Ne3 hxg4
48. fxg4 Rh8 49. Nf1 Rh4 50. Ke1 Rah8 51. Rg3 Rh3 52. Rb2 R8h4 53. Rxh3 Rxh3
54. Ng3 Rh4 55. Rf2 Rxg4 56. Nh5 Rg1+ 57. Kd2 Rg2 58. Ng7+ Kf7 59. Rxg2 Bxg2
60. Nf5 Bc6 61. Ke3 Ke6 62. Ne7 Bd7 63. Kf3 f5 64. Kf2 f4 65. Kf3 Be8 66. Ke4
Bh5 67. Nc8 Bg6+ 68. Kf3 e4+ 69. Kf2 e3+ 70. Ke1 f3 0-1

[Event "XVIII Festival Conca della Presolana Magistrale"]
[Site "Bratto - Castione della Presolana ITA"]
[Date "1998.08.??"]
[Round "?"]
[White "Oppici, Gabriele"]
[Black "Cazzaniga, Walter"]
[Result "0-1"]
[WhiteElo "2085"]
[BlackElo "2165"]
[PlyCount "86"]
[EventDate "1998.08.22"]

1. d4 Nf6 2. Bg5 c5 3. Bxf6 gxf6 4. d5 Qb6 5. Qc1 Bg7 6. Nf3 f5 7. c3 Na6 8.
Nbd2 O-O 9. e3 Nc7 10. Nc4 Qf6 11. Qd2 b5 12. d6 bxc4 13. dxc7 Qb6 14. Bxc4 e6
15. O-O d5 16. Be2 Qxc7 17. c4 Rb8 18. Rab1 d4 19. exd4 cxd4 20. Qg5 e5 21. Nh4
f6 22. Qh5 Qf7 23. Qf3 f4 24. g4 Bb7 25. Qh3 e4 26. Nf5 Rfd8 27. Bd1 Kh8 28.
Re1 Bf8 29. Bb3 Qg6 30. c5 Bxc5 31. Nh6 Bd5 32. Rbc1 Rxb3 33. axb3 Bb6 34. Nf5
Re8 35. Nd6 Ra8 36. Rc8+ Rxc8 37. Nxc8 d3 38. Ne7 Qf7 39. Nxd5 Qxd5 40. Qh4 Kg7
41. g5 fxg5 42. Qg4 e3 43. fxe3 fxe3 0-1

[Event "XVIII Festival Conca della Presolana Magistrale"]
[Site "Bratto - Castione della Presolana ITA"]
[Date "1998.08.??"]
[Round "?"]
[White "Oppici, Gabriele"]
[Black "Sbarra, Marco"]
[Result "0-1"]
[WhiteElo "2085"]
[BlackElo "2270"]
[PlyCount "76"]
[EventDate "1998.08.22"]

1. Nc3 e5 2. Nf3 Nc6 3. d4 exd4 4. Nxd4 Bc5 5. Nf5 g6 6. Ng3 d6 7. Nce4 Bb6 8.
Bg5 f6 9. Bf4 Be6 10. h4 Qe7 11. Qd2 O-O-O 12. Nc3 d5 13. a3 d4 14. Nce4 Ba5
15. b4 Nxb4 16. axb4 Bxb4 17. c3 dxc3 18. Qc2 f5 19. Bg5 Qg7 20. Rb1 a5 21.
Bxd8 fxe4 22. Bg5 e3 23. Bxe3 Ne7 24. h5 Nf5 25. Rxb4 Nxe3 26. fxe3 axb4 27.
Qe4 Bb3 28. Qg4+ Kb8 29. Nf5 Qd7 30. hxg6 c2 31. g7 c1=Q+ 32. Kf2 Rg8 33. Rxh7
Qc2 34. e4 Ka7 35. g3 Be6 36. Bh3 Qc5+ 37. Kg2 Bxf5 38. exf5 Qdd5+ 0-1

[Event "XVIII Festival Conca della Presolana Magistrale"]
[Site "Bratto - Castione della Presolana ITA"]
[Date "1998.08.??"]
[Round "?"]
[White "Oppici, Gabriele"]
[Black "Schiappacasse, Marcello"]
[Result "1-0"]
[WhiteElo "2085"]
[BlackElo "2095"]
[PlyCount "51"]
[EventDate "1998.08.22"]

1. Nc3 d5 2. e4 dxe4 3. Nxe4 c6 4. Nf3 Nf6 5. Nxf6+ gxf6 6. Be2 Rg8 7. Rg1 Qc7
8. d3 Bg4 9. g3 Nd7 10. Be3 O-O-O 11. Qd2 e6 12. Nd4 Bc5 13. Nb3 Bb6 14. Bxg4
Rxg4 15. O-O-O f5 16. Rge1 Bxe3 17. Qxe3 Kb8 18. Kb1 Rdg8 19. Qh6 R8g7 20. d4
Nb6 21. Nc5 R4g6 22. Qc1 h5 23. Nd3 Qd8 24. Ne5 Rf6 25. Qf4 Nd5 26. Nxc6+ 1-0

[Event "XVIII Festival Conca della Presolana Magistrale"]
[Site "Bratto - Castione della Presolana ITA"]
[Date "1998.08.??"]
[Round "?"]
[White "Ori, Marco"]
[Black "Lagrotteria, Salvatore"]
[Result "0-1"]
[WhiteElo "2090"]
[BlackElo "2180"]
[PlyCount "94"]
[EventDate "1998.08.22"]

1. e4 c5 2. Nf3 Nc6 3. d4 cxd4 4. Nxd4 Nf6 5. Nc3 d6 6. Bg5 e6 7. Qd2 a6 8.
O-O-O h6 9. Bxf6 Qxf6 10. Nxc6 bxc6 11. f4 Qd8 12. Bd3 Be7 13. Qf2 Qa5 14. Bc4
Rb8 15. Bb3 Bd7 16. Qa7 Qb6 17. Qxb6 Rxb6 18. Rhe1 Kd8 19. Na4 Rb8 20. Rd3 Kc7
21. Red1 Rhd8 22. c4 c5 23. e5 dxe5 24. fxe5 Bc6 25. Rxd8 Rxd8 26. Rxd8 Kxd8
27. g3 Bg5+ 28. Kd1 Bf3+ 29. Ke1 Be3 30. Bd1 Bxd1 31. Kxd1 Kc7 32. Ke2 Bg1 33.
Kf3 Bd4 34. Ke4 Kc6 35. b4 Bg1 36. bxc5 Bxh2 37. Kf3 Bg1 38. Ke4 h5 39. Kf3
Bxc5 40. Ke4 Bf2 41. Kf3 Bd4 42. Ke4 Ba1 43. Kf4 g6 44. Ke4 g5 45. c5 h4 46.
gxh4 gxh4 47. Kf4 Bxe5+ 0-1

[Event "XVIII Festival Conca della Presolana Magistrale"]
[Site "Bratto - Castione della Presolana ITA"]
[Date "1998.08.??"]
[Round "?"]
[White "Ori, Marco"]
[Black "Piantoni, Roberto"]
[Result "1/2-1/2"]
[WhiteElo "2090"]
[BlackElo "2185"]
[PlyCount "106"]
[EventDate "1998.08.22"]

1. e4 e6 2. d4 d5 3. Nd2 Nf6 4. e5 Nfd7 5. Bd3 c5 6. c3 Nc6 7. Ne2 cxd4 8. cxd4
f6 9. exf6 Nxf6 10. O-O Bd6 11. Nf3 O-O 12. Bg5 Bd7 13. Rc1 Qb6 14. Nc3 Rac8
15. Re1 a6 16. Qd2 Qa7 17. Bb1 b5 18. Qd3 g6 19. h4 b4 20. Nd1 Ne4 21. Rxe4
dxe4 22. Qxe4 Rxf3 23. Qxf3 Rf8 24. Qd3 Qxd4 25. Qxd4 Nxd4 26. Bd3 Bb5 27. Bxb5
axb5 28. Kf1 Ra8 29. g3 Kf7 30. Kg2 e5 31. Ne3 Ke6 32. Ng4 h5 33. Nf6 Rxa2 34.
Rb1 b3 35. Ne4 Bb4 36. Be3 Nc2 37. Bc5 Kd5 38. Bxb4 Nxb4 39. Nc3+ Kc4 40. Kf3
Ra8 41. Ke4 Nd3 42. f3 Nxb2 43. Nd5 Nd3 44. Nb6+ Kc3 45. Nxa8 Kc2 46. Rxb3 Nc5+
47. Kxe5 Nxb3 48. Nc7 Kd3 49. Nxb5 Ke3 50. Kf6 Kxf3 51. Kxg6 Kg4 52. Nd6 Nd4
53. Ne4 Nf3 1/2-1/2

[Event "XVIII Festival Conca della Presolana Magistrale"]
[Site "Bratto - Castione della Presolana ITA"]
[Date "1998.08.??"]
[Round "?"]
[White "Ori, Marco"]
[Black "Ruggeri, Pietro"]
[Result "1-0"]
[WhiteElo "2090"]
[BlackElo "2145"]
[PlyCount "71"]
[EventDate "1998.08.22"]

1. e4 g6 2. d4 Bg7 3. Nf3 d6 4. Nc3 Nf6 5. h3 O-O 6. Be3 a6 7. a4 b6 8. Bd3 Bb7
9. O-O Nbd7 10. Qc1 d5 11. e5 Ne8 12. Ne2 c5 13. c3 Nc7 14. Bh6 Ne6 15. Bxg7
Kxg7 16. Nh2 f5 17. exf6+ Nxf6 18. f4 c4 19. Bc2 Ne4 20. Ng4 h5 21. Ne5 h4 22.
Bxe4 dxe4 23. Nxc4 Qd5 24. Ne3 Qh5 25. Rf2 Rf7 26. Qc2 a5 27. Qb3 Rf6 28. Ng4
e3 29. Nxe3 Raf8 30. Raf1 Nc7 31. Ng4 Re6 32. f5 Rd6 33. Nf4 Qxf5 34. Nh5+ Qxh5
35. Rxf8 Bd5 36. R1f7+ 1-0

[Event "XVIII Festival Conca della Presolana Magistrale"]
[Site "Bratto - Castione della Presolana ITA"]
[Date "1998.08.??"]
[Round "?"]
[White "Pagnoncelli, Marco"]
[Black "Belakovskaia, Anjelina"]
[Result "1-0"]
[WhiteElo "2120"]
[BlackElo "2380"]
[PlyCount "67"]
[EventDate "1998.08.22"]

1. e4 c5 2. Nf3 d6 3. d4 cxd4 4. Nxd4 Nf6 5. Nc3 g6 6. Be3 Bg7 7. f3 Nc6 8. Bc4
Bd7 9. Qd2 Rc8 10. Bb3 a6 11. O-O-O Ne5 12. g4 b5 13. g5 Nh5 14. f4 Nc4 15.
Bxc4 Rxc4 16. f5 O-O 17. Rhf1 Be5 18. b3 Rc7 19. Nd5 Rb7 20. Qg2 b4 21. Nf4
Nxf4 22. Bxf4 Qa5 23. Kb1 Rc7 24. Bxe5 dxe5 25. Ne2 gxf5 26. exf5 Rxc2 27. a4
Bc6 28. Qg4 Rc8 29. g6 Qc5 30. gxh7+ Kh8 31. Rg1 Bg2 32. Qxg2 Rb2+ 33. Kxb2
Qc2+ 34. Ka1 1-0

[Event "XVIII Festival Conca della Presolana Magistrale"]
[Site "Bratto - Castione della Presolana ITA"]
[Date "1998.08.??"]
[Round "?"]
[White "Pagnoncelli, Marco"]
[Black "Bossi, Alessandro"]
[Result "1-0"]
[WhiteElo "2120"]
[BlackElo "2110"]
[PlyCount "93"]
[EventDate "1998.08.22"]

1. e4 e5 2. Nf3 Nc6 3. Bb5 Nge7 4. d4 exd4 5. Nxd4 g6 6. O-O Bg7 7. Be3 O-O 8.
Nc3 d5 9. exd5 Nxd5 10. Nxc6 bxc6 11. Bxc6 Nxe3 12. fxe3 Rb8 13. Rb1 Qe7 14.
Qd3 Qc5 15. Be4 Be6 16. Na4 Qg5 17. b3 Rbd8 18. Qe2 Rd6 19. Rbd1 Rfd8 20. Rxd6
Rxd6 21. Bd3 Be5 22. Qf3 Qh4 23. g3 Qb4 24. Qa8+ Kg7 25. Qxa7 Bh3 26. Qc5 Qxc5
27. Nxc5 Bxf1 28. Kxf1 Rd5 29. Ne4 Ra5 30. a4 h6 31. Bb5 Bd6 32. Nxd6 cxd6 33.
c4 Kf6 34. Ke2 Ke5 35. Kd3 Ra8 36. Bc6 Rc8 37. Bd5 Rb8 38. Kc3 Kf6 39. a5 Re8
40. e4 Re7 41. a6 Ra7 42. Bb7 Ke7 43. Kd4 Kd7 44. g4 f6 45. Kd5 h5 46. h3 hxg4
47. hxg4 1-0

[Event "XVIII Festival Conca della Presolana Magistrale"]
[Site "Bratto - Castione della Presolana ITA"]
[Date "1998.08.??"]
[Round "?"]
[White "Pagnoncelli, Marco"]
[Black "Cazzaniga, Walter"]
[Result "0-1"]
[WhiteElo "2120"]
[BlackElo "2165"]
[PlyCount "92"]
[EventDate "1998.08.22"]

1. e4 e6 2. d4 d5 3. exd5 exd5 4. Nf3 Bd6 5. c4 Nf6 6. c5 Be7 7. Bd3 O-O 8. h3
b6 9. b4 a5 10. Bd2 axb4 11. cxb6 c5 12. dxc5 Bxc5 13. O-O Qxb6 14. Qc2 Nc6 15.
Bg5 Nd4 16. Nxd4 Bxd4 17. Nd2 Bxa1 18. Rxa1 Ba6 19. Bf5 h6 20. Be3 d4 21. Bf4
Nd5 22. Be5 f6 23. Bg3 Bc8 24. Be4 Be6 25. Nc4 Qa6 26. Nd6 Rfd8 27. Qc5 Qa7 28.
Qb5 Nc3 29. Qh5 Nxe4 30. Nxe4 Qf7 31. Qh4 b3 32. Nd6 Qg6 33. Qxd4 bxa2 34. Kh2
Qb1 35. Qe3 Bf7 36. Qc3 Qb3 37. Qc7 Rxd6 38. Qxd6 Qb2 39. Qd1 Rc8 40. Qf1 Bg6
41. Qe1 Re8 42. Qd1 Bb1 43. Qd7 Re5 44. f4 Re2 45. Qd5+ Kh7 46. Qf3 Be4 0-1

[Event "XVIII Festival Conca della Presolana Magistrale"]
[Site "Bratto - Castione della Presolana ITA"]
[Date "1998.08.??"]
[Round "?"]
[White "Pagnoncelli, Marco"]
[Black "Eynard, Valdo"]
[Result "1-0"]
[WhiteElo "2120"]
[BlackElo "2085"]
[PlyCount "105"]
[EventDate "1998.08.22"]

1. e4 c6 2. d4 d5 3. e5 c5 4. dxc5 e6 5. b4 Nc6 6. Bb5 Nge7 7. Bf4 Bd7 8. Bxc6
Nxc6 9. c3 f6 10. Nf3 Be7 11. exf6 Bxf6 12. Qb3 O-O 13. Bd6 Rf7 14. O-O a5 15.
b5 a4 16. Qb2 Na5 17. Nbd2 b6 18. c6 Bxc6 19. Be5 Bd7 20. Rae1 a3 21. Bxf6 axb2
22. Bxd8 Rxd8 23. Rb1 Bxb5 24. Rfe1 Nc4 25. Rxe6 Rxf3 26. Nxf3 Ra8 27. Ne5 Rxa2
28. Nxc4 Bxc4 29. Re3 b5 30. f4 b4 31. Kf2 Bb3 32. cxb4 Bc2 33. Ree1 Kf7 34.
Ke2 Bxb1 35. Rxb1 Ke6 36. Kd3 Kd6 37. Kc3 Kc6 38. Rxb2 Ra1 39. b5+ Kb6 40. Kd4
Rd1+ 41. Ke5 d4 42. g3 d3 43. Kd4 h5 44. Ke3 h4 45. Rd2 Rh1 46. Kf3 hxg3 47.
hxg3 Kxb5 48. Rxd3 Kc6 49. Kg4 Rh6 50. Kg5 Kc7 51. g4 Rf6 52. f5 Rc6 53. Ra3
1-0

[Event "XVIII Festival Conca della Presolana Magistrale"]
[Site "Bratto - Castione della Presolana ITA"]
[Date "1998.08.??"]
[Round "?"]
[White "Pagnoncelli, Marco"]
[Black "Sbarra, Marco"]
[Result "0-1"]
[WhiteElo "2120"]
[BlackElo "2270"]
[PlyCount "76"]
[EventDate "1998.08.22"]

1. e4 c5 2. Nf3 Nc6 3. d4 cxd4 4. Nxd4 e6 5. Nc3 Qc7 6. Be3 a6 7. g3 b5 8. Nxc6
Qxc6 9. Bg2 Bb7 10. O-O Rc8 11. Rc1 Ne7 12. f4 Ng6 13. Rf2 Bc5 14. e5 Qb6 15.
Bxc5 Rxc5 16. Ne4 Bxe4 17. Bxe4 O-O 18. Qxd7 Rc4 19. Qb7 Qe3 20. Rcf1 Qxe4 21.
Qxa6 Rxc2 22. Qxb5 Rxf2 23. Kxf2 Rc8 24. Re1 Rc2+ 25. Re2 Qd4+ 26. Kg2 Rxe2+
27. Qxe2 Qd5+ 28. Kh3 Qxa2 29. Qb5 h5 30. Qe8+ Kh7 31. Qxf7 Qb1 32. Qb7 Qf1+
33. Qg2 Qd3 34. Qf2 Ne7 35. Kg2 Nf5 36. Qf3 Ne3+ 37. Kh3 Qf5+ 38. Kh4 Ng2+ 0-1

[Event "XVIII Festival Conca della Presolana Magistrale"]
[Site "Bratto - Castione della Presolana ITA"]
[Date "1998.08.??"]
[Round "?"]
[White "Pantaleoni, Claudio"]
[Black "Mascheroni, Maurizio"]
[Result "1-0"]
[WhiteElo "2220"]
[BlackElo "2025"]
[PlyCount "109"]
[EventDate "1998.08.22"]

1. e4 d6 2. d4 Nf6 3. Nc3 g6 4. Nf3 Bg7 5. Be2 O-O 6. O-O c5 7. d5 Bg4 8. h3
Bxf3 9. Bxf3 a6 10. a4 Nbd7 11. Bg5 Re8 12. Re1 Qc7 13. Qd2 Nf8 14. Bf4 N6d7
15. Be2 Ne5 16. Bh6 e6 17. Bxg7 Kxg7 18. Rad1 exd5 19. Nxd5 Qd8 20. Nc3 Ne6 21.
Qxd6 Qxd6 22. Rxd6 Nd4 23. f4 Nec6 24. Bd3 Rad8 25. Rxd8 Rxd8 26. e5 Nb4 27.
Ne4 c4 28. Bxc4 Ndxc2 29. Re2 Rd1+ 30. Kh2 Rd4 31. Nd6 Rxf4 32. g3 Rd4 33. Bxf7
Rd1 34. Bb3 Re1 35. Rxe1 Nxe1 36. e6 Kf6 37. Nxb7 Nf3+ 38. Kg2 Nd4 39. Bc4 Nxe6
40. h4 Ke5 41. Kf2 Nc7 42. Ke3 h6 43. Nc5 Ncd5+ 44. Bxd5 Kxd5 45. Nd3 Nc2+ 46.
Kd2 Nd4 47. Nb4+ Kc4 48. Nxa6 Kb3 49. Kd3 Nf5 50. a5 Ka4 51. b4 Kb5 52. Nc7+
Kc6 53. Ne6 Nxg3 54. Kc4 Nf5 55. Nd4+ 1-0

[Event "XVIII Festival Conca della Presolana Magistrale"]
[Site "Bratto - Castione della Presolana ITA"]
[Date "1998.08.??"]
[Round "?"]
[White "Pantaleoni, Claudio"]
[Black "Molina, Fabrizio"]
[Result "0-1"]
[WhiteElo "2220"]
[BlackElo "2290"]
[PlyCount "82"]
[EventDate "1998.08.22"]

1. e4 e6 2. d4 d5 3. Nd2 dxe4 4. Nxe4 Be7 5. Nf3 Nf6 6. Nxf6+ Bxf6 7. Bd3 Nd7
8. Qe2 Qe7 9. O-O O-O 10. Re1 c5 11. c3 cxd4 12. Nxd4 Nc5 13. Bc2 g6 14. Bf4
Re8 15. Be5 a6 16. Rad1 Nd7 17. Bxf6 Qxf6 18. Rd3 Nf8 19. Red1 e5 20. Bb3 Re7
21. Nc2 Be6 22. Ne3 e4 23. Rd6 Qg5 24. Nd5 Bxd5 25. R6xd5 Qf4 26. Qe3 Qxe3 27.
fxe3 Kg7 28. g4 Rae8 29. Rf1 h6 30. h4 Nd7 31. Rf4 Ne5 32. g5 hxg5 33. hxg5 Nd3
34. Rh4 Re5 35. Rd7 Rxg5+ 36. Kh2 Ne5 37. Rxb7 Nf3+ 38. Kh3 Nxh4 39. Rxf7+ Kh6
40. Kxh4 Rg1 41. Bd5 Re5 0-1

[Event "XVIII Festival Conca della Presolana Magistrale"]
[Site "Bratto - Castione della Presolana ITA"]
[Date "1998.08.??"]
[Round "?"]
[White "Piantoni, Roberto"]
[Black "Belakovskaia, Anjelina"]
[Result "0-1"]
[WhiteElo "2185"]
[BlackElo "2380"]
[PlyCount "90"]
[EventDate "1998.08.22"]

1. d4 Nf6 2. Nf3 g6 3. c4 Bg7 4. Nc3 O-O 5. e3 c5 6. Be2 cxd4 7. exd4 d5 8. O-O
Nc6 9. Re1 Bg4 10. cxd5 Nxd5 11. h3 Bf5 12. Bf1 Ndb4 13. g4 Be6 14. a3 Nd5 15.
Bg5 h6 16. Bh4 Nxc3 17. bxc3 Qa5 18. Re3 Bd5 19. Rb1 a6 20. Bg2 b5 21. a4 bxa4
22. Ra1 a3 23. c4 Bxc4 24. Raxa3 Qb5 25. Bxe7 Nxe7 26. Rxe7 Rad8 27. Ree3 Rd6
28. Qa1 Rfd8 29. Ra5 Qb6 30. Ra4 Bb5 31. Qa2 Bxd4 32. Nxd4 Rxd4 33. Raa3 Rd1+
34. Kh2 Qd6+ 35. Rg3 Rd2 36. Qb3 Rxf2 37. Qe3 Re2 38. Qxh6 Qd2 39. Qxd2 Rdxd2
40. Rac3 Rb2 41. Rc8+ Kg7 42. h4 a5 43. h5 Ba6 44. Rc7 Bb7 45. hxg6 Bxg2 0-1

[Event "XVIII Festival Conca della Presolana Magistrale"]
[Site "Bratto - Castione della Presolana ITA"]
[Date "1998.08.??"]
[Round "?"]
[White "Piantoni, Roberto"]
[Black "De Barberis, Massimo"]
[Result "1-0"]
[WhiteElo "2185"]
[BlackElo "2110"]
[PlyCount "41"]
[EventDate "1998.08.22"]

1. d4 Nf6 2. Nf3 e6 3. e3 b6 4. Nbd2 Bb7 5. Bd3 Be7 6. O-O O-O 7. e4 d5 8. e5
Nfd7 9. Re1 c5 10. c3 Nc6 11. a3 cxd4 12. cxd4 f5 13. exf6 Bxf6 14. Nb3 e5 15.
dxe5 Ndxe5 16. Nxe5 Bxe5 17. Qc2 h6 18. Bb5 Qf6 19. f4 Bd4+ 20. Kh1 Be5 21.
fxe5 1-0

[Event "XVIII Festival Conca della Presolana Magistrale"]
[Site "Bratto - Castione della Presolana ITA"]
[Date "1998.08.??"]
[Round "?"]
[White "Piantoni, Roberto"]
[Black "Morandi, Maurizio"]
[Result "1-0"]
[WhiteElo "2185"]
[BlackElo "2115"]
[PlyCount "61"]
[EventDate "1998.08.22"]

1. d4 d5 2. Nf3 Nf6 3. e3 e6 4. Bd3 c5 5. c3 Bd6 6. Nbd2 cxd4 7. exd4 Nc6 8.
O-O O-O 9. Re1 Ne7 10. Ne5 Ng6 11. Ndf3 Qc7 12. Bg5 Ne8 13. Nxg6 hxg6 14. Bh4
b6 15. Ne5 Bxe5 16. dxe5 a5 17. Qg4 Ba6 18. Bc2 Qd7 19. Re3 Ra7 20. Rh3 Qb5 21.
Re1 Qc4 22. f4 Qc5+ 23. Bf2 Qe7 24. Rh4 f5 25. exf6 Rxf6 26. Bxg6 Qd7 27. Bd4
e5 28. Bh7+ Kf8 29. Qxd7 Rxd7 30. fxe5 Re7 31. Be4 1-0